000 00619nam a2200205Ia 4500
003 GCL
008 140319s9999 xx 000 0 ara d
040 _aGCL /
_cGCL
082 0 4 _a347.07
_bع د
100 1 _aعصمت سيف الدولة
245 1 0 _aثورة مصر العربية /
_cعصمت سيف الدولة
260 _a[S.N] :
_bدار المستقبل العربى ،
_c1990
300 _a301 ص
490 _a
650 0 4 _aمصر
650 0 4 _aالنزاع العربى الاسرائيلى
650 0 4 _aالجرائم السياسية
650 0 4 _aالدبلوماسيون
942 _2ddc
_cBK
999 _c34564
_d34564